Quimonos y uniformes (Record no. 87318)

MARC details
000 -LEADER
campo de control de longitud fija 00752nam a2200217 i 4500
001 - NÚMERO DE CONTROL
campo de control 87318
003 - IDENTIFICADOR DE NÚMERO DE CONTROL
campo de control ES-MaACL
005 - FECHA Y HORA DE LA ÚLTIMA TRANSACCIÓN
campo de control 20250927063036.0
007 - CAMPO FIJO DE DESCRIPCIÓN FÍSICA--INFORMACIÓN GENERAL
campo de control de longitud fija t|
008 - DATOS DE LONGITUD FIJA--INFORMACIÓN GENERAL
campo de control de longitud fija 041221s1954 sp f |||| | spa d
100 1# - ENTRADA PRINCIPAL--NOMBRE DE PERSONA
Nombre de persona Krarup Nielsen, Aage,
Fechas asociadas al nombre n. 1891
9 (RLIN) 164984
245 10 - MENCIÓN DEL TÍTULO
Título Quimonos y uniformes
Resto del título : el nuevo Japón /
Mención de responsabilidad, etc. Aage Krarup Nielsen ; prólogo de E. Borrás Cubells ; [vertida al castellano por J.M. Adswar].
250 ## - MENCION DE EDICION
Mención de edición 1ª ed.
260 ## - PUBLICACIÓN, DISTRIBUCIÓN, ETC.
Lugar de publicación, distribución, etc. Barcelona :
Nombre del editor, distribuidor, etc. Ediciones y Publicaciones,
Fecha de publicación, distribución, etc. 1954 (
Fabricante Juvenil)
300 ## - DESCRIPCIÓN FÍSICA
Extensión 246 p., 49 lám. ;
Dimensiones 22 cm.
651 #4 - PUNTO DE ACCESO ADICIONAL DE MATERIA--NOMBRE GEOGRÁFICO
Nombre geográfico Japón-
Subdivisión general Historia-
Subdivisión cronológica S.XX.
9 (RLIN) 8885
700 1# - ENTRADA AGREGADA--NOMBRE PERSONAL
Nombre de persona Borrás Cubells, Enric.
9 (RLIN) 30558
700 1# - ENTRADA AGREGADA--NOMBRE PERSONAL
Nombre de persona Adswar, J. M.
9 (RLIN) 18494
852 ## - LOCALIZACIÓN
Ubicación ES-MaACL
Número de control de estantería C-8510
Holdings
Estatus retirado Estado de pérdida Estado de daño No para préstamo Biblioteca de origen Biblioteca actual Ubicación en estantería Fecha de adquisición Fuente de adquisición Total de préstamos Signatura topográfica completa Código de barras Visto por última vez Precio de reemplazo Tipo de ítem Koha
        Biblioteca del Ateneo de Madrid Biblioteca del Ateneo de Madrid Sala Palomar 17/01/2008     C-8510 1091225 23/02/2023 23/02/2023 Libro impreso